[Event "España ch sub-16 2010"]
[Site "Linares ESP"]
[Date "2010.07.22"]
[Round "5.10"]
[White "Montoliu Cervero, Francisco"]
[Black "Coll Ortega, Cristina"]
[Result "1/2-1/2"]
[WhiteElo "2153"]
[BlackElo "1895"]
[PlyCount "91"]
[EventDate "2010.07.20"]
[EventType "swiss"]
[EventRounds "9"]
[EventCountry "ESP"]
[Source "lmi"]
[SourceDate "2010.07.20"]

1. e4 d5 2. exd5 Qxd5 3. Nc3 Qa5 4. d4 Nf6 5. Bd2 c6 6. Bc4 Bf5 7. Nd5 Qd8 8.
Nxf6+ gxf6 9. Nf3 e6 10. c3 Nd7 11. Nh4 Nb6 12. Bb3 Bd3 13. Qf3 Bc4 14. Bxc4
Nxc4 15. Bf4 Be7 16. Qe2 Nb6 17. g3 Qd5 18. O-O O-O-O 19. Ng2 h5 20. h4 Rdg8
21. Kh2 Qd8 22. Rfd1 Nd5 23. c4 Nxf4 24. Nxf4 f5 25. Rac1 Bd6 26. Qf3 Rg4 27.
Ng2 Rhg8 28. Qe2 f4 29. Kg1 Qf6 30. Qf3 Qf5 31. Qd3 Qxd3 32. Rxd3 fxg3 33. fxg3
Bxg3 34. Rc2 Bxh4 35. d5 c5 36. dxe6 fxe6 37. Re3 R8g6 38. Re5 Rd4 39. Rxc5+
Kd7 40. Kf1 Rf6+ 41. Kg1 Rg6 42. Kf1 Rf6+ 43. Kg1 Bf2+ 44. Rxf2 Rd1+ 45. Ne1
Rxe1+ 46. Kg2 1/2-1/2

[Event "España ch sub-16 2010"]
[Site "Linares ESP"]
[Date "2010.07.22"]
[Round "5.11"]
[White "Bals Hernandez, Jordi"]
[Black "Donado-Mazarron Gomez, Miguel"]
[Result "0-1"]
[WhiteElo "2091"]
[BlackElo "1880"]
[PlyCount "54"]
[EventDate "2010.07.20"]
[EventType "swiss"]
[EventRounds "9"]
[EventCountry "ESP"]
[Source "lmi"]
[SourceDate "2010.07.20"]

1. d4 Nf6 2. c4 c5 3. d5 b5 4. cxb5 a6 5. e3 g6 6. Nc3 d6 7. Nf3 Bg7 8. bxa6
Bxa6 9. Bxa6 Nxa6 10. O-O O-O 11. Nd2 Nb4 12. Nc4 Nd7 13. e4 Nb6 14. Qe2 Nxc4
15. Qxc4 Nc2 16. Rb1 Nd4 17. Be3 Qa5 18. a3 Rfb8 19. Bd2 Rb3 20. Rfd1 Rab8 21.
Na2 Qb6 22. Bc3 Rxa3 23. h4 Rb3 24. Nc1 Rxc3 25. Qxc3 Ne2+ 26. Nxe2 Bxc3 27.
bxc3 Qxb1 0-1

[Event "España ch sub-16 2010"]
[Site "Linares ESP"]
[Date "2010.07.22"]
[Round "5.12"]
[White "Villar Perez, Samuel"]
[Black "Cerezo Gaston, Alberto"]
[Result "1-0"]
[WhiteElo "2072"]
[BlackElo "1811"]
[PlyCount "93"]
[EventDate "2010.07.20"]
[EventType "swiss"]
[EventRounds "9"]
[EventCountry "ESP"]
[Source "lmi"]
[SourceDate "2010.07.20"]

1. d4 Nf6 2. Nf3 g6 3. c4 Bg7 4. g3 O-O 5. Bg2 c5 6. O-O cxd4 7. Nxd4 Nc6 8.
Nc3 Qb6 9. Nc2 d6 10. b3 Be6 11. Rb1 Rfd8 12. Ne3 Qa5 13. Bb2 Rd7 14. a3 Rad8
15. b4 Qh5 16. Ncd5 Bxd5 17. cxd5 Ne5 18. h3 Rc7 19. Rc1 Rdc8 20. Rxc7 Rxc7 21.
Bd4 b6 22. f4 Nc4 23. Nxc4 Rxc4 24. g4 Rxd4 25. gxh5 Rxd1 26. Rxd1 Nxh5 27. e3
Bb2 28. Rd3 Kg7 29. Kf2 f5 30. Rb3 Bf6 31. Bf3 Kh6 32. Bxh5 Kxh5 33. b5 Kh4 34.
Kg2 h6 35. Rd3 Bb2 36. Rb3 Ba1 37. Rb4 Bc3 38. Rc4 Bd2 39. e4 g5 40. fxg5 Kxg5
41. Kf3 f4 42. Rc7 Kf6 43. Rxa7 e6 44. dxe6 Kxe6 45. a4 d5 46. exd5+ Kxd5 47.
Rd7+ 1-0

[Event "España ch sub-16 2010"]
[Site "Linares ESP"]
[Date "2010.07.22"]
[Round "5.13"]
[White "Segarra Martinez, Axel"]
[Black "Tejedor Fuentes, Enrique"]
[Result "1-0"]
[WhiteElo "1956"]
[BlackElo "2069"]
[PlyCount "137"]
[EventDate "2010.07.20"]
[EventType "swiss"]
[EventRounds "9"]
[EventCountry "ESP"]
[Source "lmi"]
[SourceDate "2010.07.20"]

1. e4 c5 2. Nf3 a6 3. c4 e6 4. d4 cxd4 5. Nxd4 Qc7 6. Nc3 Nf6 7. Be2 d6 8. Be3
Be7 9. Rc1 Nbd7 10. O-O O-O 11. a3 b6 12. f3 Bb7 13. b4 Rac8 14. Kh1 Qb8 15.
Qe1 Rfd8 16. g4 Ne5 17. g5 Nfd7 18. Nb1 d5 19. cxd5 exd5 20. exd5 Rxc1 21. Bxc1
Bxd5 22. Bxa6 Qa8 23. Be2 Bd6 24. Nc3 Bb7 25. Ncb5 Bb8 26. Qc3 Rc8 27. Qe3 Ng6
28. Nf5 Rf8 29. Bb2 Be5 30. Bxe5 Ndxe5 31. h4 Nd7 32. Nbd6 Bd5 33. Qd4 f6 34.
h5 Nge5 35. Ne7+ Kh8 36. Qxd5 fxg5 37. Qxa8 Rxa8 38. Rc1 Nf6 39. Rc8+ Rxc8 40.
Ndxc8 Nxh5 41. Kg2 Nf4+ 42. Kf2 h5 43. Nxb6 h4 44. Bf1 g4 45. fxg4 g5 46. Nbd5
Nxg4+ 47. Kg1 Ne5 48. Nxf4 gxf4 49. Nf5 Kg8 50. Nxh4 Kf7 51. Ng2 f3 52. Ne1 Ke6
53. Kf2 Kd5 54. Nxf3 Ng4+ 55. Kg3 Ne3 56. Bd3 Nd1 57. Kf4 Nb2 58. Ke3 Na4 59.
Kd2 Nb6 60. Kc3 Na4+ 61. Kb3 Nb6 62. a4 Kd6 63. a5 Nd5 64. Kc4 Ne3+ 65. Kb5 Kc7
66. Be4 Nd1 67. Kc5 Nc3 68. Bc6 Ne2 69. a6 1-0

[Event "España ch sub-16 2010"]
[Site "Linares ESP"]
[Date "2010.07.22"]
[Round "5.14"]
[White "Gomez Dieguez, David"]
[Black "Villasenor Rubio, Emilio Jose"]
[Result "1/2-1/2"]
[WhiteElo "1882"]
[BlackElo "2045"]
[PlyCount "66"]
[EventDate "2010.07.20"]
[EventType "swiss"]
[EventRounds "9"]
[EventCountry "ESP"]
[Source "lmi"]
[SourceDate "2010.07.20"]

1. e4 c5 2. Ne2 d6 3. g3 g6 4. Bg2 Bg7 5. c3 Nc6 6. d4 e5 7. dxc5 dxc5 8. Qxd8+
Kxd8 9. Na3 Be6 10. Be3 b6 11. O-O-O+ Kc8 12. b3 Nf6 13. h3 a6 14. f4 Kc7 15.
g4 exf4 16. Bxf4+ Kb7 17. e5 Nd7 18. Nc4 Rad8 19. Nd6+ Kc7 20. Nxf7 Bxf7 21.
e6+ Nde5 22. exf7 Rhf8 23. Bd5 Ne7 24. Be6 b5 25. Rxd8 Rxd8 26. Rf1 N7c6 27.
Bg5 Rf8 28. Rd1 h6 29. Bf4 Nd8 30. Bd5 Ndxf7 31. Be6 Kc6 32. Bd5+ Kc7 33. Be6
Kc6 1/2-1/2

[Event "España ch sub-16 2010"]
[Site "Linares ESP"]
[Date "2010.07.22"]
[Round "5.15"]
[White "Valhondo Morales, Ruben"]
[Black "Angeleri Rodrigo, Norberto"]
[Result "1/2-1/2"]
[WhiteElo "1874"]
[BlackElo "2031"]
[PlyCount "68"]
[EventDate "2010.07.20"]
[EventType "swiss"]
[EventRounds "9"]
[EventCountry "ESP"]
[Source "lmi"]
[SourceDate "2010.07.20"]

1. e4 e5 2. Nf3 Nc6 3. Bb5 f5 4. Bxc6 dxc6 5. exf5 e4 6. Qe2 Nf6 7. Nc3 Bxf5 8.
Nh4 Qd7 9. Nxf5 Qxf5 10. f3 O-O-O 11. Nxe4 Nxe4 12. fxe4 Qg6 13. d3 Bc5 14. Rf1
Rhf8 15. Bf4 Qe6 16. Rf3 g5 17. Bxg5 Rxf3 18. Qxf3 Rf8 19. Qh3 Qxh3 20. gxh3
Rg8 21. h4 h6 22. d4 Bxd4 23. O-O-O hxg5 24. Rxd4 gxh4 25. e5 h3 26. e6 Re8 27.
Rd3 Rxe6 28. Rxh3 Re2 29. Kd1 Rg2 30. Rh7 b6 31. b3 Kb7 32. h4 Rh2 33. h5 c5
34. h6 a5 1/2-1/2

[Event "España ch sub-16 2010"]
[Site "Linares ESP"]
[Date "2010.07.23"]
[Round "6.1"]
[White "Sanchez Ibern, Marc"]
[Black "Anton Guijarro, David"]
[Result "1/2-1/2"]
[WhiteElo "2255"]
[BlackElo "2397"]
[PlyCount "23"]
[EventDate "2010.07.20"]
[EventType "swiss"]
[EventRounds "9"]
[EventCountry "ESP"]
[Source "lmi"]
[SourceDate "2010.07.20"]

1. e4 e6 2. d4 d5 3. Nc3 Nf6 4. Bg5 Bb4 5. exd5 Qxd5 6. Bxf6 Bxc3+ 7. bxc3 gxf6
8. Qd2 Nd7 9. c4 Qe4+ 10. Ne2 c5 11. c3 b6 12. f3 1/2-1/2

[Event "España ch sub-16 2010"]
[Site "Linares ESP"]
[Date "2010.07.23"]
[Round "6.2"]
[White "Meneses, Gonzalez Kevin Mois"]
[Black "Martinez Ramirez, Erik"]
[Result "1/2-1/2"]
[WhiteElo "2172"]
[BlackElo "2216"]
[PlyCount "29"]
[EventDate "2010.07.20"]
[EventType "swiss"]
[EventRounds "9"]
[EventCountry "ESP"]
[Source "lmi"]
[SourceDate "2010.07.20"]

1. e4 c5 2. Nf3 Nc6 3. d4 cxd4 4. Nxd4 g6 5. c4 Bg7 6. Nc2 d6 7. Be2 f5 8. exf5
Bxf5 9. Nc3 Nh6 10. O-O O-O 11. Be3 Rc8 12. Nd4 Qd7 13. h3 a6 14. Nd5 Qe8 15.
Qd2 1/2-1/2

[Event "España ch sub-16 2010"]
[Site "Linares ESP"]
[Date "2010.07.23"]
[Round "6.3"]
[White "Cruz Lledo, Pablo"]
[Black "Nieto De La Cruz, Julio"]
[Result "1-0"]
[WhiteElo "2239"]
[BlackElo "2208"]
[PlyCount "81"]
[EventDate "2010.07.20"]
[EventType "swiss"]
[EventRounds "9"]
[EventCountry "ESP"]
[Source "lmi"]
[SourceDate "2010.07.20"]

1. d4 Nf6 2. c4 c5 3. d5 b5 4. Nf3 e6 5. dxe6 fxe6 6. cxb5 d5 7. g3 Bd6 8. Bg2
a6 9. bxa6 O-O 10. O-O Nc6 11. Nc3 Bxa6 12. Bg5 Qe8 13. Re1 Bb8 14. e4 d4 15.
Bxf6 Rxf6 16. e5 Rf8 17. Ne4 Qe7 18. Rc1 Ba7 19. Qa4 Bb7 20. Qb5 Nb4 21. Nxc5
Bxf3 22. Qxb4 Bxg2 23. Kxg2 Rab8 24. Qxd4 Bxc5 25. Rxc5 Qb7+ 26. Re4 Qxb2 27.
a4 Qxd4 28. Rxd4 Rb2 29. Rf4 Rxf4 30. gxf4 Rb4 31. a5 Rxf4 32. a6 Ra4 33. Rc8+
Kf7 34. Rc7+ Kg6 35. a7 h5 36. Kf3 Kf5 37. Rxg7 Ra3+ 38. Ke2 Kxe5 39. Kd2 Kf4
40. Kc2 Kf3 41. Rg3+ 1-0

[Event "España ch sub-16 2010"]
[Site "Linares ESP"]
[Date "2010.07.23"]
[Round "6.4"]
[White "Segarra Martinez, Axel"]
[Black "Suarez Uriel, Adrian"]
[Result "0-1"]
[WhiteElo "1956"]
[BlackElo "2157"]
[PlyCount "96"]
[EventDate "2010.07.20"]
[EventType "swiss"]
[EventRounds "9"]
[EventCountry "ESP"]
[Source "lmi"]
[SourceDate "2010.07.20"]

1. e4 c5 2. Nf3 g6 3. d4 cxd4 4. Nxd4 Bg7 5. Nc3 Nc6 6. Be3 Nf6 7. Bc4 O-O 8.
Bb3 d6 9. f3 Bd7 10. Qd2 Nxd4 11. Bxd4 b5 12. h4 a5 13. a4 bxa4 14. Nxa4 Rb8
15. h5 Bxa4 16. Rxa4 Nxh5 17. Bxg7 Kxg7 18. Rxa5 Nf6 19. Qh6+ Kh8 20. Rd5 Qb6
21. g4 Rg8 22. Rd3 Rg7 23. Qf4 Nd7 24. Rc3 Nc5 25. Qe3 f5 26. Qd4 e5 27. Qd5
fxe4 28. fxe4 Rf8 29. Rf1 Rxf1+ 30. Kxf1 Qd8 31. Kg2 Nxb3 32. Rxb3 h5 33. Rd3
Qg5 34. Rg3 h4 35. Rf3 Qxg4+ 36. Kf2 Qc8 37. Qd2 Kh7 38. c3 Qg4 39. Qd3 Qe6 40.
Kg2 Kg8 41. Qe3 Qg4+ 42. Kh2 Rf7 43. Rxf7 Kxf7 44. Qd3 Ke7 45. b4 Qf4+ 46. Kh3
d5 47. c4 dxe4 48. Qa3 Qf3+ 0-1

[Event "España ch sub-16 2010"]
[Site "Linares ESP"]
[Date "2010.07.23"]
[Round "6.5"]
[White "Donado-Mazarron Gomez, Miguel"]
[Black "Villar Perez, Samuel"]
[Result "1/2-1/2"]
[WhiteElo "1880"]
[BlackElo "2072"]
[PlyCount "94"]
[EventDate "2010.07.20"]
[EventType "swiss"]
[EventRounds "9"]
[EventCountry "ESP"]
[Source "lmi"]
[SourceDate "2010.07.20"]

1. e4 c5 2. Nf3 d6 3. d4 cxd4 4. Nxd4 Nf6 5. Nc3 a6 6. Bg5 Nbd7 7. f4 e5 8. Nf3
Qc7 9. a4 Be7 10. Bd3 h6 11. fxe5 dxe5 12. Be3 O-O 13. O-O b6 14. Nh4 Nc5 15.
Nf5 Bxf5 16. Rxf5 Ne6 17. Nd5 Nxd5 18. exd5 Bc5 19. dxe6 Bxe3+ 20. Kh1 fxe6 21.
Rxf8+ Rxf8 22. Qg4 Rf6 23. Qe4 Bc5 24. Qa8+ Bf8 25. Qxa6 e4 26. Qc4 Qxc4 27.
Bxc4 Kf7 28. Re1 Rf4 29. g3 Rf2 30. Bb3 Kf6 31. Rxe4 e5 32. Rc4 Kf5 33. Rc7 Kg4
34. Be6+ Kf3 35. Rf7+ Ke3 36. Rxf2 Kxf2 37. Bf5 Kf3 38. Kg1 e4 39. Kf1 Bc5 40.
Bg6 Bd4 41. c3 Bf6 42. Ke1 Bg5 43. b4 Bf6 44. Kd2 Bg5+ 45. Kd1 e3 46. Bh5+ Kf2
47. Be2 Be7 1/2-1/2

[Event "España ch sub-16 2010"]
[Site "Linares ESP"]
[Date "2010.07.23"]
[Round "6.6"]
[White "Nicolas Zapata, Irene"]
[Black "Forcen Esteban, Daniel"]
[Result "0-1"]
[WhiteElo "1962"]
[BlackElo "2379"]
[PlyCount "90"]
[EventDate "2010.07.20"]
[EventType "swiss"]
[EventRounds "9"]
[EventCountry "ESP"]
[Source "lmi"]
[SourceDate "2010.07.20"]

1. d4 Nf6 2. c4 c5 3. d5 e6 4. Nc3 exd5 5. cxd5 d6 6. g3 g6 7. Bg2 Bg7 8. Nf3
O-O 9. O-O a6 10. a4 Re8 11. Nd2 Nbd7 12. h3 Rb8 13. a5 b5 14. axb6 Nxb6 15.
Ra2 Bb7 16. e4 Nfd7 17. Qc2 c4 18. Na4 Rc8 19. Nxb6 Nxb6 20. Nb1 Nd7 21. Bd2
Nc5 22. Bc3 Bxc3 23. Nxc3 Nd3 24. Kh2 Nb4 25. Qd2 Nxa2 26. Nxa2 Rc5 27. f4 f5
28. Nc3 Rc7 29. Re1 Qf6 30. e5 Qg7 31. Qd4 Rce7 32. Qxc4 Kh8 33. Qb4 dxe5 34.
d6 Rd7 35. fxe5 Rxe5 36. Rxe5 Qxe5 37. Bxb7 Rxd6 38. Bxa6 Kg7 39. Bf1 g5 40.
Nb5 Rd1 41. Bg2 Rd3 42. Kg1 Kg6 43. g4 Qe3+ 44. Kh1 Rd1+ 45. Kh2 Qe5+ 0-1

[Event "España ch sub-16 2010"]
[Site "Linares ESP"]
[Date "2010.07.23"]
[Round "6.7"]
[White "Villasenor Rubio, Emilio Jose"]
[Black "Pardo Simon, David"]
[Result "1/2-1/2"]
[WhiteElo "2045"]
[BlackElo "2354"]
[PlyCount "67"]
[EventDate "2010.07.20"]
[EventType "swiss"]
[EventRounds "9"]
[EventCountry "ESP"]
[Source "lmi"]
[SourceDate "2010.07.20"]

1. e4 e5 2. Nf3 Nc6 3. Bb5 Nge7 4. c3 g6 5. d4 exd4 6. Bg5 Bg7 7. cxd4 h6 8.
Bh4 O-O 9. Nc3 g5 10. Bg3 d6 11. d5 Nb8 12. h4 g4 13. Nd4 h5 14. Qd2 c5 15.
dxc6 Nbxc6 16. Nde2 Ne5 17. Rd1 a6 18. Bxe5 Bxe5 19. Bc4 Ng6 20. Qh6 Qf6 21.
Nd5 Qg7 22. Qxh5 Be6 23. Qg5 Rac8 24. Bb3 Bxd5 25. Bxd5 Rc2 26. Qxg4 Rxb2 27.
Rh3 b6 28. Bb3 a5 29. h5 Rxe2+ 30. Qxe2 Nf4 31. Qf3 Nxh3 32. Qxh3 Qg5 33. Qf3
Kh8 34. g3 1/2-1/2

[Event "España ch sub-16 2010"]
[Site "Linares ESP"]
[Date "2010.07.23"]
[Round "6.8"]
[White "Molina Rodriguez, Borja"]
[Black "Alcaraz Ortega, Javier"]
[Result "0-1"]
[WhiteElo "2036"]
[BlackElo "2242"]
[PlyCount "114"]
[EventDate "2010.07.20"]
[EventType "swiss"]
[EventRounds "9"]
[EventCountry "ESP"]
[Source "lmi"]
[SourceDate "2010.07.20"]

1. e4 d6 2. d4 g6 3. Nc3 Bg7 4. f4 a6 5. Nf3 b5 6. Bd3 Nd7 7. e5 Bb7 8. a4 b4
9. Ne4 c5 10. c3 Nh6 11. Be3 O-O 12. O-O Kh8 13. Qe2 cxd4 14. cxd4 Nb6 15. a5
Nd5 16. Bd2 Qd7 17. h3 f6 18. Ng3 fxe5 19. fxe5 Nf4 20. Bxf4 Rxf4 21. Be4 Bxe4
22. Nxe4 Raf8 23. Rae1 Nf5 24. Qxa6 dxe5 25. dxe5 Nd4 26. Neg5 h6 27. e6 Nxf3+
28. Nxf3 Qc7 29. Rc1 Rxf3 30. Rxc7 Rxf1+ 31. Qxf1 Bd4+ 32. Kh2 Rxf1 33. Rxe7
Kg8 34. Rb7 Bg1+ 35. Kg3 Bc5 36. h4 Kf8 37. e7+ Ke8 38. Kg4 Bxe7 39. a6 h5+ 40.
Kh3 Ra1 41. a7 Kf7 42. g4 hxg4+ 43. Kxg4 Ra5 44. Kf4 Ke6 45. Rb6+ Bd6+ 46. Kg4
Rxa7 47. Kg5 Rh7 48. Rc6 Kd5 49. Rc2 Be7+ 50. Kxg6 Rxh4 51. Kf5 Bd6 52. Rd2+
Rd4 53. Rc2 Rf4+ 54. Kg5 Be5 55. Re2 Rf1 56. Rd2+ Bd4 57. Kg4 Rf2 0-1

[Event "España ch sub-16 2010"]
[Site "Linares ESP"]
[Date "2010.07.23"]
[Round "6.9"]
[White "Angeleri Rodrigo, Norberto"]
[Black "Aranaz Murillo, Amalia"]
[Result "1-0"]
[WhiteElo "2031"]
[BlackElo "2190"]
[PlyCount "73"]
[EventDate "2010.07.20"]
[EventType "swiss"]
[EventRounds "9"]
[EventCountry "ESP"]
[Source "lmi"]
[SourceDate "2010.07.20"]

1. e4 c6 2. d4 d5 3. Nd2 dxe4 4. Nxe4 Bf5 5. Ng3 Bg6 6. N1e2 e6 7. Nf4 Bd6 8.
Bc4 Nf6 9. c3 Nbd7 10. Qf3 Nb6 11. Nxg6 hxg6 12. Bb3 Nbd5 13. Bg5 Be7 14. O-O
a5 15. a3 O-O 16. c4 Nb6 17. Rad1 Qc7 18. Bf4 Qc8 19. Rfe1 Rd8 20. Bg5 Rd7 21.
Bxf6 Bxf6 22. Ne4 Qd8 23. Nxf6+ Qxf6 24. Qe3 Qd8 25. Qc3 Nc8 26. Bc2 Ne7 27. g4
Qc7 28. Re5 b6 29. Qe3 Rad8 30. Rd3 b5 31. b3 a4 32. Rxe6 fxe6 33. Qxe6+ Kf8
34. Rf3+ Nf5 35. gxf5 gxf5 36. Rh3 g6 37. Qf6+ 1-0

[Event "España ch sub-16 2010"]
[Site "Linares ESP"]
[Date "2010.07.23"]
[Round "6.10"]
[White "Montanes Arribas, Adrian"]
[Black "Valhondo Morales, Ruben"]
[Result "0-1"]
[WhiteElo "2155"]
[BlackElo "1874"]
[PlyCount "86"]
[EventDate "2010.07.20"]
[EventType "swiss"]
[EventRounds "9"]
[EventCountry "ESP"]
[Source "lmi"]
[SourceDate "2010.07.20"]

1. e4 e5 2. Nf3 Nc6 3. Bc4 Bc5 4. c3 Nf6 5. d3 O-O 6. Nbd2 d6 7. h3 Kh8 8. Nf1
Ng8 9. Ng3 Bb6 10. Bb3 Qe8 11. O-O g6 12. d4 f5 13. exf5 gxf5 14. Re1 Qg6 15.
Bc2 Qg7 16. Ne2 Nf6 17. Qd2 f4 18. Kh1 Rg8 19. Rg1 Qh6 20. Nxf4 exf4 21. Qxf4
Qxf4 22. Bxf4 Bd7 23. Bg5 Rgf8 24. Rge1 Rae8 25. Rxe8 Bxe8 26. Re1 Bg6 27. Bxg6
hxg6 28. b4 Kg7 29. a4 a5 30. b5 Nd8 31. Nd2 Kf7 32. Re3 Ne6 33. Bxf6 Kxf6 34.
Nc4 Ng5 35. h4 Nf7 36. g3 Rh8 37. Kg2 d5 38. Nxb6 cxb6 39. f4 Rd8 40. g4 Nd6
41. g5+ Kf7 42. Re5 Nc4 43. Re1 Re8 0-1

[Event "España ch sub-16 2010"]
[Site "Linares ESP"]
[Date "2010.07.23"]
[Round "6.11"]
[White "Shatko, Danil"]
[Black "Montoliu Cervero, Francisco"]
[Result "1-0"]
[WhiteElo "2011"]
[BlackElo "2153"]
[PlyCount "151"]
[EventDate "2010.07.20"]
[EventType "swiss"]
[EventRounds "9"]
[EventCountry "ESP"]
[Source "lmi"]
[SourceDate "2010.07.20"]

1. d4 d5 2. c4 c6 3. Nf3 Nf6 4. e3 g6 5. Nc3 Bg7 6. Bd3 Bg4 7. h3 Bxf3 8. Qxf3
O-O 9. O-O dxc4 10. Bxc4 Nbd7 11. Rd1 e5 12. dxe5 Nxe5 13. Qe2 Qe7 14. Bb3 Rfd8
15. e4 Rxd1+ 16. Bxd1 Rd8 17. Bc2 c5 18. Bg5 Nc6 19. Qe3 Rd7 20. Ba4 Qe6 21.
Re1 Rd4 22. Bb3 c4 23. Ba4 Rd3 24. Qc1 Nd4 25. Qf4 Nd7 26. Bxd7 Qxd7 27. Qb8+
Bf8 28. Nd5 Nc6 29. Nf6+ Kg7 30. Nxd7 Nxb8 31. Nxb8 Bd6 32. Nd7 Bb4 33. Bf6+
Kg8 34. Rc1 Rxd7 35. Rxc4 Bd6 36. Rc8+ Bf8 37. e5 h6 38. h4 b5 39. Rb8 a6 40.
Ra8 h5 41. Kh2 b4 42. Kg3 a5 43. Kf4 a4 44. Ke3 b3 45. axb3 axb3 46. Rb8 Rc7
47. Rxb3 Kh7 48. Rb8 Bg7 49. Bxg7 Kxg7 50. b4 Rc4 51. g3 Rc3+ 52. Kf4 Rc4+ 53.
Kf3 Rc3+ 54. Ke2 Rc2+ 55. Ke3 Rc3+ 56. Kd2 Rb3 57. b5 Rb2+ 58. Ke3 Rb3+ 59. Ke4
Rb4+ 60. Kd5 Rb2 61. f4 Rb3 62. b6 Rxg3 63. Rc8 Rb3 64. Kc6 Rc3+ 65. Kb7 Rf3
66. Rc4 f6 67. exf6+ Kxf6 68. Kc7 Rb3 69. b7 Kf5 70. b8=Q Rxb8 71. Kxb8 Kg4 72.
Rc6 Kxh4 73. Rxg6 Kh3 74. f5 h4 75. f6 Kh2 76. f7 1-0

[Event "España ch sub-16 2010"]
[Site "Linares ESP"]
[Date "2010.07.23"]
[Round "6.12"]
[White "Fernandez Lledo, Javier"]
[Black "Jareno Badenas, Aleix"]
[Result "1/2-1/2"]
[WhiteElo "2145"]
[BlackElo "1967"]
[PlyCount "47"]
[EventDate "2010.07.20"]
[EventType "swiss"]
[EventRounds "9"]
[EventCountry "ESP"]
[Source "lmi"]
[SourceDate "2010.07.20"]

1. e4 e6 2. d4 d5 3. Nc3 Nf6 4. e5 Nfd7 5. f4 c5 6. Nf3 Nc6 7. Be3 Rb8 8. Qd2
Qa5 9. a3 b5 10. Ra2 b4 11. axb4 Qxb4 12. Be2 Be7 13. O-O O-O 14. Ra4 Qb6 15.
Nd1 f6 16. c3 fxe5 17. fxe5 cxd4 18. cxd4 a5 19. h4 Ba6 20. Bxa6 Qxa6 21. h5
Nb6 22. Ra1 Nc4 23. Qe2 Qb5 24. Rf2 1/2-1/2

[Event "España ch sub-16 2010"]
[Site "Linares ESP"]
[Date "2010.07.23"]
[Round "6.13"]
[White "Coll Ortega, Cristina"]
[Black "Rodriguez Lapetra, Pablo"]
[Result "1/2-1/2"]
[WhiteElo "1895"]
[BlackElo "2138"]
[PlyCount "104"]
[EventDate "2010.07.20"]
[EventType "swiss"]
[EventRounds "9"]
[EventCountry "ESP"]
[Source "lmi"]
[SourceDate "2010.07.20"]

1. e4 c5 2. Nf3 e6 3. d3 Nc6 4. g3 Nge7 5. Bg2 g6 6. O-O Bg7 7. Re1 d6 8. c3
O-O 9. d4 e5 10. d5 Nb8 11. Be3 Na6 12. Qd2 f5 13. Nh4 Nc7 14. f4 fxe4 15. Bxe4
Nf5 16. Bxf5 Bxf5 17. fxe5 Bxe5 18. Bxc5 Bxb1 19. Raxb1 Bf6 20. Bf2 Bxh4 21.
gxh4 Rf5 22. c4 Qf6 23. Bg3 Rf8 24. Rbd1 Ne8 25. Qd4 Qf7 26. Qe4 Rf6 27. Qe2
Ng7 28. Rf1 Nf5 29. Qd3 Qc7 30. Bf2 Qg7 31. Qd2 Qc7 32. b3 b6 33. Rde1 Qd8 34.
Qg5 h6 35. Qg4 Qc8 36. Bd4 Nxd4 37. Qxd4 Rxf1+ 38. Rxf1 Rxf1+ 39. Kxf1 Qf5+ 40.
Kg2 Qc2+ 41. Qf2 Qe4+ 42. Kg3 Qe5+ 43. Kf3 Qf5+ 44. Ke3 Qe5+ 45. Kd3 Qa1 46.
Qc2 Qf1+ 47. Kc3 Kg7 48. Kb2 Qf4 49. Qc3+ Kh7 50. Qg3 Qd2+ 51. Kb1 Qd1+ 52. Kb2
Qd2+ 1/2-1/2

[Event "España ch sub-16 2010"]
[Site "Linares ESP"]
[Date "2010.07.23"]
[Round "6.14"]
[White "Cerrato Torrijos, Maria"]
[Black "Gomez Dieguez, David"]
[Result "1-0"]
[WhiteElo "2064"]
[BlackElo "1882"]
[PlyCount "85"]
[EventDate "2010.07.20"]
[EventType "swiss"]
[EventRounds "9"]
[EventCountry "ESP"]
[Source "lmi"]
[SourceDate "2010.07.20"]

1. e4 e5 2. Nf3 Nc6 3. Bc4 Bc5 4. c3 Nf6 5. d3 a6 6. Bb3 d6 7. O-O Ba7 8. Nbd2
O-O 9. Re1 h6 10. h3 Nh5 11. Nf1 Qf6 12. Be3 Nf4 13. d4 Ne7 14. Ng3 Neg6 15.
Kh2 Kh8 16. Bc2 h5 17. Nf5 Ne7 18. Bxf4 exf4 19. e5 dxe5 20. dxe5 Qb6 21. Nxe7
Bxh3 22. Nd4 Bg4 23. Qd3 g6 24. Nd5 Qa5 25. Nxf4 c5 26. Nb3 Qc7 27. Qd6 Qxd6
28. exd6 Bb8 29. f3 Bxd6 30. fxg4 Bxf4+ 31. g3 Bd6 32. gxh5 gxh5 33. Rad1 Rad8
34. Kh3 Rg8 35. Re3 Rg5 36. Na5 Bc7 37. Rxd8+ Bxd8 38. Re8+ Rg8 39. Rxg8+ Kxg8
40. Nxb7 Be7 41. Bd3 Kf8 42. Bxa6 Ke8 43. Bb5+ 1-0

[Event "España ch sub-16 2010"]
[Site "Linares ESP"]
[Date "2010.07.23"]
[Round "6.15"]
[White "Navarro Molina, David"]
[Black "Navarrete Espi, Samuel"]
[Result "1-0"]
[WhiteElo "2012"]
[BlackElo "2057"]
[PlyCount "65"]
[EventDate "2010.07.20"]
[EventType "swiss"]
[EventRounds "9"]
[EventCountry "ESP"]
[Source "lmi"]
[SourceDate "2010.07.20"]

1. d4 Nf6 2. Nf3 g6 3. c4 Bg7 4. Nc3 O-O 5. e4 d6 6. Be2 e5 7. O-O Nc6 8. d5
Ne7 9. b4 Nh5 10. Re1 f5 11. Ng5 Nf6 12. f3 c6 13. Be3 h6 14. Ne6 Bxe6 15. dxe6
Qc7 16. Qb3 Rad8 17. Red1 Qc8 18. Bxa7 Qxe6 19. Rd2 Kh8 20. Rad1 g5 21. b5 g4
22. a4 gxf3 23. Bxf3 fxe4 24. Nxe4 Nxe4 25. Bxe4 Rf4 26. bxc6 bxc6 27. Bd3 d5
28. cxd5 cxd5 29. a5 e4 30. Bf1 Rdf8 31. Be3 R4f7 32. a6 d4 33. Qxe6 1-0

[Event "España ch sub-16 2010"]
[Site "Linares ESP"]
[Date "2010.07.24"]
[Round "7.1"]
[White "Anton Guijarro, David"]
[Black "Meneses, Gonzalez Kevin Mois"]
[Result "1-0"]
[WhiteElo "2397"]
[BlackElo "2172"]
[PlyCount "95"]
[EventDate "2010.07.20"]
[EventType "swiss"]
[EventRounds "9"]
[EventCountry "ESP"]
[Source "lmi"]
[SourceDate "2010.07.20"]

1. d4 d5 2. c4 c6 3. e3 Nf6 4. Bd3 e5 5. Nc3 e4 6. Bc2 Bd6 7. h3 O-O 8. Bd2 Re8
9. c5 Bc7 10. b4 b6 11. Nge2 Nbd7 12. a4 bxc5 13. dxc5 Qe7 14. Nd4 Ne5 15. Rc1
a5 16. b5 Qxc5 17. bxc6 Nxc6 18. Ncb5 Nxd4 19. Bb1 Qxc1 20. Qxc1 Nxb5 21. axb5
Be5 22. Bc3 Bxc3+ 23. Qxc3 Bd7 24. b6 d4 25. Qxd4 Bb5 26. b7 Rad8 27. Qb6 Bc4
28. Qxa5 Rd5 29. Qc7 Rb5 30. Bc2 Bd5 31. O-O Rxb7 32. Qc3 Be6 33. Qd4 Rc7 34.
Bb1 Rc4 35. Qd1 Rec8 36. Ba2 R4c6 37. Bxe6 Rxe6 38. Qd4 Rec6 39. g4 h6 40. Qe5
Rc5 41. Qf4 Rd5 42. Rb1 Rcc5 43. Rb8+ Kh7 44. Rf8 Rd7 45. h4 Kg6 46. Rh8 h5 47.
gxh5+ Rxh5 48. Rxh5 1-0

[Event "España ch sub-16 2010"]
[Site "Linares ESP"]
[Date "2010.07.24"]
[Round "7.2"]
[White "Suarez Uriel, Adrian"]
[Black "Sanchez Ibern, Marc"]
[Result "1/2-1/2"]
[WhiteElo "2157"]
[BlackElo "2255"]
[PlyCount "66"]
[EventDate "2010.07.20"]
[EventType "swiss"]
[EventRounds "9"]
[EventCountry "ESP"]
[Source "lmi"]
[SourceDate "2010.07.20"]

1. e4 c5 2. Ne2 Nc6 3. Nbc3 d6 4. d4 cxd4 5. Nxd4 Nf6 6. Bc4 e6 7. Be3 Be7 8.
Qe2 O-O 9. Bb3 d5 10. O-O-O Bb4 11. exd5 exd5 12. Ncb5 a6 13. Nxc6 bxc6 14. Nd4
Qc7 15. c3 Bd6 16. Bc2 Re8 17. Qd3 c5 18. Nf5 Bf4 19. Bxf4 Qxf4+ 20. Qd2 Qxd2+
21. Rxd2 Bxf5 22. Bxf5 Re5 23. Bd3 Rae8 24. Bxa6 Ra8 25. Re2 Re6 26. Bd3 Rxa2
27. Rhe1 c4 28. Bf5 Ra1+ 29. Kd2 Rxe1 30. Rxe1 Rxe1 31. Kxe1 Kf8 32. Kd2 Ke7
33. h3 Kd6 1/2-1/2